| 000 | 00635nam a2200229Ia 4500 | ||
|---|---|---|---|
| 003 | OSt | ||
| 005 | 20221007073033.0 | ||
| 006 | a|||||r|||| 00| 0 | ||
| 007 | ta | ||
| 008 | 221006b |||||||| |||| 00| 0 eng d | ||
| 024 | _a12,900 | ||
| 037 | _cTextual | ||
| 040 |
_aFLL _cFLL _beng |
||
| 041 |
_2eng _aeng |
||
| 082 | _aV3:23:K4, J3 | ||
| 100 |
_aThompson Faith Au. _9691805 |
||
| 245 | 0 | _aShort history of parliament 1295-1642 | |
| 260 |
_aLondon _bUniversity of minnesota press London _c1953 |
||
| 300 |
_ax,280p _ccm. |
||
| 942 |
_hV3:23:K4, J3 _cTEXL _2CC |
||
| 999 |
_c1147550 _d1147550 |
||